Statistics for Bts Songs

Click here to take the quiz!

General Stats

  • This quiz has been taken 3,131 times
  • The average score is 10 of 15

Answer Stats

HintAnswer% Correct
I wanna big house, Big cars and Big rings..No more dream
88%
Today we Fight..Not Today
86%
I need your love before I fall..Save me
82%
Peaches and cream..Blood Sweat and Tears
79%
When i wake up in my room...FIRE
79%
Say what you want, Say what you want..Boy in luv
76%
Dont tell me Bye Bye..Run
75%
But you're my everything.. everything..I NEED U
72%
You know it all, you're my best friend..Spring Day
70%
Caramel macchiatoCoffee
67%
I want it this love, I want it real love..DNA
58%
Can you please stay with me?..Just one day
48%
I just wanna know, Know, know..Let me know
28%
But i dont care, You cant control my shit...Cypher Pt.3
24%
Pleae baby, Calm downHouse of Cards
23%

Score Distribution

Percentile by Number Answered

Percent of People with Each Score

Your Score History

You have not taken this quiz